书目信息 |
| 题名: |
检测技术与系统
|
|
| 作者: | 樊尚春 , 乔少杰 编著 | |
| 分册: | ||
| 出版信息: | 北京 北京航空航天大学出版社 2005.06 |
|
| 页数: | 292页 | |
| 开本: | 26cm | |
| 丛书名: | 高校计算机教学系列教材 | |
| 单 册: | ||
| 中图分类: | TP274 | |
| 科图分类: | ||
| 主题词: | 自动检测--zi dong jian ce--技术--高等学校--教材 | |
| 电子资源: | ||
| ISBN: | 7-81077-618-5 | |
| 000 | 01171nam 2200265 450 | |
| 001 | 012006913813 | |
| 005 | 20061018102107.85 | |
| 010 | @a7-81077-618-5@dCNY26.00 | |
| 100 | @a20061007d2005 km y0chiy0120 ea | |
| 101 | 0 | @achi |
| 102 | @aCN@b110000 | |
| 105 | @aa a 000yy | |
| 200 | 1 | @a检测技术与系统@Ajian ce ji shu yu xi tong@f樊尚春, 乔少杰编著@Ffan shang chun,qiao shao jie bian zhu |
| 210 | @a北京@c北京航空航天大学出版社@d2005.06 | |
| 215 | @a292页@c图@d26cm | |
| 225 | 2 | @a高校计算机教学系列教材@Agao xiao ji suan ji jiao xue xi lie jiao cai |
| 320 | @a有书目 (第291-292页) | |
| 330 | @a本书系统地介绍了检测技术的主要基本内容,包括检测技术的基本概念、功能、要求;检测系统的静、动态特性的描述及数据处理;一些测量典型参数的传感器,包括结构组成、原理、应用特点、误差补偿等;微机械传感器和智能传感器;以传感器为核心的典型检测系统。全书每一章都有应用实例与分析和适量的思考题与习题。 | |
| 410 | 0 | @12001 @a高校计算机教学系列教材 |
| 606 | 0 | @a自动检测@Azi dong jian ce@x技术@x高等学校@j教材 |
| 690 | @aTP274@v4 | |
| 701 | 0 | @a樊尚春@Afan shang chun@4编著 |
| 701 | 0 | @a乔少杰@Aqiao shao jie@4编著 |
| 801 | 0 | @aCN@c20061018 |
| 905 | @a10447@dTP274@eF065 | |
| 检测技术与系统/樊尚春, 乔少杰编著.-北京:北京航空航天大学出版社,2005.06 |
| 292页:图;26cm.-(高校计算机教学系列教材) |
| ISBN 7-81077-618-5:CNY26.00 |
| 本书系统地介绍了检测技术的主要基本内容,包括检测技术的基本概念、功能、要求;检测系统的静、动态特性的描述及数据处理;一些测量典型参数的传感器,包括结构组成、原理、应用特点、误差补偿等;微机械传感器和智能传感器;以传感器为核心的典型检测系统。全书每一章都有应用实例与分析和适量的思考题与习题。 |
| ● |
| 相关链接 |
|
|
|
正题名:检测技术与系统
索取号:TP274/F065
 
预约/预借
| 序号 | 登录号 | 条形码 | 馆藏地/架位号 | 状态 | 备注 |
| 1 | 223095 | 202230950 | 自科库301/301自科库 42排2列3层/ [索取号:TP274/F065] | 在馆 | |
| 2 | 223096 | 202230969 | 自科库301/301自科库 41排3列3层/ [索取号:TP274/F065] | 在馆 | |
| 3 | 223097 | 202230978 | 自科二线400A/400A自科库 3排1列3层/ [索取号:TP274/F065] | 在馆 |